000 01333nam2a22002531 4500
001 rc\447180
005 20030616171416.2
035 _a(NLR Aleph) 005816364
090 _a5434766
_c5434766
100 _a20030616d1987 u |0rusy50 ca
101 0 _arus
102 _aRU
105 _ay |||||||||
200 1 _aВспомогательные и подсобно-производственные здания и сооружения шахт, разрезов и обогатительных фабрик
210 _d1987
215 _a27 с.
320 _aБиблиогр.: с. 26
461 0 _1001rc\447178
_12001#$aСОВЕРШЕНСТВОВАНИЕ объемно-планировочных и конструктивных решений зданий и сооружений предприятий угольной промышленности$eМетод. разраб.$fМ-во угол. пром-сти СССР, Ин-т повышения квалификации руководящих работников и специалистов. Каф. механизации и орг. шахт. стр-ва$g[Сост. Еремеев В.М., Пильч Ю.Б.]$vЧ. 2
702 1 _aПильч
_bЮ. П.
_4220
801 0 _aRU
_bNLR
_gpsbo
801 1 _aRU
_bELAR
_2rusmarc
852 _aNLR
_j88-4/6559
942 _cBOOK
980 _aNB